Представление документа в формате MARC21

Поле Инд. ПП Название Значение
Тип записи a
Библиографический уровень b
001 Контрольный номер RU/IS/BASE/102775434
005 Дата корректировки 20200522190755.7
084 a Индекс другой классификации/Индекс ББК 60.542.15я3
100 1_ a Автор Зубок Ю. А.
245 a Заглавие Риск в социальном развитии молодежи
500 a Примечание Стат. дан. в тексте
504 a Библиография Библиогр. ссылки: с. 162
650 a Основная рубрика социология
a Основная рубрика социология групп
653 a Ключевые слова здоровье молодежи
a Ключевые слова кризис идентичности
a Ключевые слова молодежь
a Ключевые слова общество риска
a Ключевые слова риски
a Ключевые слова Россия
a Ключевые слова самоидентификация
a Ключевые слова самореализация
a Ключевые слова социальная стратификация
a Ключевые слова социально-демографическая ситуация
a Ключевые слова социальное развитие
a Ключевые слова социальные риски
a Ключевые слова социальный старт
a Ключевые слова социальный статус
a Ключевые слова ценностные ориентации
773 d Дата издания источника 2003
g Прочая информация № 1. - С. 147 - 162 : табл.
t Заглавие источника Социально-гуманитарные знания
w Контрольный № источника RU/IS/BASE/101491030
901 t Тип документа b